Royal and Sun Alliance Insurance Group plc v Customs and Excise Commissioners (Record no. 72983)
[ view plain ]
| 000 -LEADER | |
|---|---|
| fixed length control field | 01206cam a2200217 4500 |
| 001 - CONTROL NUMBER | |
| control field | ABS66854 |
| 008 - FIXED-LENGTH DATA ELEMENTS--GENERAL INFORMATION | |
| fixed length control field | 030702n2003 000 0 eng u |
| 035 ## - SYSTEM CONTROL NUMBER | |
| System control number | (Sirsi) u122881 |
| 245 ## - TITLE STATEMENT | |
| Title | Royal and Sun Alliance Insurance Group plc v Customs and Excise Commissioners |
| 260 ## - PUBLICATION, DISTRIBUTION, ETC. | |
| Date of publication, distribution, etc. | 2003 |
| 490 ## - SERIES STATEMENT | |
| Series statement | Weekly Law Reports |
| Volume/sequential designation | [2003] 1 WLR 1387-1410(24) |
| 520 ## - SUMMARY, ETC. | |
| Summary, etc. | [2003] UKHL 29, 22 May 2003. Appeal against CA decision ([2001] EWCA Civ 1476, WB3741-29) which upheld the High Court (ChD 2 October 2000, WB3641-28) decision that R's claim for repayment of input tax fell within the ambit of the Value Added Tax Regulations 1995 Reg 109. HL allowed appeal on grounds that Reg 109 did not apply. CA decision reversed. View judgment at www.parliament.the-stationery-office.co.uk. |
| 590 ## - LOCAL NOTE (RLIN) | |
| Local note | ABS |
| 650 ## - SUBJECT ADDED ENTRY--TOPICAL TERM | |
| Topical term or geographic name entry element | ROYAL AND SUN ALLIANCE INSURANCE GROUP PLC V CUSTOMS AND EXCISE COMMISSIONERS |
| 650 ## - SUBJECT ADDED ENTRY--TOPICAL TERM | |
| Topical term or geographic name entry element | VALUE ADDED TAX |
| 650 ## - SUBJECT ADDED ENTRY--TOPICAL TERM | |
| Topical term or geographic name entry element | EXEMPT SUPPLY |
| 650 ## - SUBJECT ADDED ENTRY--TOPICAL TERM | |
| Topical term or geographic name entry element | VALUE ADDED TAX REGULATIONS 1995 REG 109 |
| 690 ## - LOCAL SUBJECT ADDED ENTRY--TOPICAL TERM (OCLC, RLIN) | |
| Topical term or geographic name as entry element | TAXATION-CASE LAW |
| 856 ## - ELECTRONIC LOCATION AND ACCESS | |
| Uniform Resource Identifier | <a href="https://www.parliament.the-stationery-office.co.uk/pa/ld200203/ldjudgmt/jd030522/sun-1.htm">https://www.parliament.the-stationery-office.co.uk/pa/ld200203/ldjudgmt/jd030522/sun-1.htm</a> |
| Public note | View judgment on the UK Parliament website... |
| 942 ## - ADDED ENTRY ELEMENTS (KOHA) | |
| Suppress in OPAC | 0 |
| Withdrawn status | Lost status | Source of classification or shelving scheme | Damaged status | Not for loan | Home library | Current library | Shelving location | Date acquired | Total Checkouts | Full call number | Barcode | Date last seen | Copy number | Price effective from | Koha item type |
|---|---|---|---|---|---|---|---|---|---|---|---|---|---|---|---|
| Dewey Decimal Classification | London | London | Journal article | 02/07/2003 | ABS66854 | 122881-1001 | 06/08/2019 | 1 | 06/08/2019 | Law report |